[Event "Olympiad Women-44"]
[Site "Chennai"]
[Date "2022.07.29"]
[Round "1.2"]
[White "Worek, Joanna"]
[Black "De la Riva Real, Ariadna"]
[Result "1/2-1/2"]
[WhiteElo "2280"]
[BlackElo "1649"]
[PlyCount "102"]
[EventDate "2022.07.29"]
[EventType "team-swiss"]
[EventRounds "11"]
[EventCountry "IND"]
[SourceTitle "CBM 210"]
[Source "ChessBase"]
[SourceDate "2022.10.31"]
[SourceVersion "1"]
[SourceVersionDate "2022.10.31"]
[SourceQuality "1"]
[WhiteTeam "Czech Republic (W)"]
[BlackTeam "Andorra (W)"]
[WhiteTeamCountry "CZE"]
[BlackTeamCountry "AND"]

1. e4 c5 2. Nc3 g6 3. d4 cxd4 4. Qxd4 Nf6 5. Bg5 Nc6 6. Qd2 Bg7 7. f3 d6 8. Bc4 Bd7 9. Nge2 Ne5 10. Bb3 b5 11. 0-0 0-0 12. Kh1 Rb8 13. Rad1 Kh8 14. f4 Nc4 15. Bxc4 bxc4 16. e5 Ne8 17. b3 cxb3 18. cxb3 f6 19. exf6 Bxf6 20. Bh6 Bg7 21. Bxg7+ Nxg7 22. Ne4 Bc6 23. Ng5 Qd7 24. Nd4 Bb7 25. Qe2 Rbe8 26. b4 Nf5 27. Nde6 Rf6 28. Nc5 Qc7 29. Nxb7 Qxb7 30. a3 e5 31. Rfe1 h6 32. Nf3 e4 33. Nd4 Qb6 34. Nb3 Qc6 35. Qb2 Ref8 36. Rc1 Qd5 37. Rcd1 Qc6 38. Na5 Qe8 39. g4 Ng7 40. g5 hxg5 41. fxg5 Rf2 42. Qd4 Qe7 43. Rxe4 Qxg5 44. Rh4+ Kg8 45. Qc4+ d5 46. Qxd5+ Qxd5+ 47. Rxd5 Rf1+ 48. Kg2 R8f2+ 49. Kh3 Rf3+ 50. Kg2 R3f2+ 51. Kh3 Rf3+ 1/2-1/2